| 000 | 00698na a2200241 4500 | ||
|---|---|---|---|
| 001 | 13243 | ||
| 003 | MIRAKIL | ||
| 005 | 20181213154740.0 | ||
| 008 | 161010b tu 000 0 | ||
| 020 | _a9786058808454 | ||
| 040 |
_aMilas _btur _cTR-AnCHP |
||
| 041 | _atur | ||
| 082 |
_aDAN 803 _bA67i 2011 |
||
| 090 | _aDAN 803 A67i 2011 | ||
| 100 | _a Arslan, Talha | ||
| 245 |
_aİşitme engelliler için resimli sözlük _cTalha Arslan |
||
| 260 |
_aİzmir _bKonak Belediyesi Kültür Yayınları _c2011 |
||
| 300 |
_a53 s. _bfotğ. _c30 sm |
||
| 490 |
_aKonak Belediyesi Kültür yayınları _v05 |
||
| 650 | _aResimli sözlük | ||
| 650 |
_aİşitme engelliler _xSözlük |
||
| 942 |
_2ddc _cBKS |
||
| 999 |
_c245 _d245 |
||